| 000 | 01076aam a2200361 4500 | ||
|---|---|---|---|
| 005 | 20161004150929.0 | ||
| 008 | 150612b xxu||||| |||| 00| 0 spa d | ||
| 041 | _aspa | ||
| 082 | _a657 G898c2 | ||
| 100 |
_aGuajardo Cantú, Gerardo _910657 |
||
| 245 | _aContabilidad para no contadores | ||
| 250 | _a2 edición | ||
| 260 |
_aMéxico _bMcGraw-Hill _c2012 |
||
| 300 | _a425 páginas | ||
| 650 |
_aCONTABILIDAD _92655 |
||
| 650 |
_aNEGOCIOS _9940 |
||
| 650 |
_aSOCIEDADES ANÓNIMAS _912623 |
||
| 650 |
_aSOCIEDADES MERCANTILES _9996 |
||
| 650 |
_aNORMAS DE INFORMACIÓN FINANCIERA _95562 |
||
| 650 |
_aFLUJOS DE EFECTIVO _95507 |
||
| 650 |
_aERA DE LA INFORMACIÓN _912624 |
||
| 650 |
_aESTADOS FINANCIEROS _965 |
||
| 650 |
_aINVENTARIOS _91923 |
||
| 650 |
_aCAPITAL DE TRABAJO _99353 |
||
| 650 |
_aACTIVO FIJO _912625 |
||
| 650 |
_aESTADOS DE FLUJO _912626 |
||
| 650 |
_aANÁLISIS FINANCIERO _966 |
||
| 650 |
_aFRANQUINCIAS _912627 |
||
| 650 |
_aCAPITAL CONTABLE _92669 |
||
| 650 |
_aINDICADORES _95932 |
||
| 650 |
_aCUENTAS INCOBRABLES _912628 |
||
| 942 | _cBK | ||
| 999 |
_c2840 _d2840 |
||